Fast typing to 50 (1 min) - Statistics

General Stats
  • This quiz has been taken 1,846 times
  • The average score is 47 of 50
Answer Stats
Answer % Correct
1
100%
2
99%
3
99%
4
99%
5
99%
6
98%
7
98%
8
98%
9
98%
11
97%
10
96%
12
95%
13
95%
14
95%
15
95%
17
95%
16
94%
18
94%
19
94%
20
94%
21
94%
23
94%
22
93%
24
93%
25
93%
26
92%
27
92%
28
92%
29
92%
31
92%
32
92%
30
91%
33
91%
34
91%
35
90%
36
90%
37
90%
38
90%
39
90%
41
90%
44
90%
40
89%
42
89%
43
89%
45
89%
46
89%
47
89%
48
89%
49
89%
50
89%
No matching quizzes found
Score Distribution
Percent of People with Each Score
Percentile by Number Answered
Your Score History
You have not taken this quiz